UM Logo

Modified z-source DC circuit breaker with enhanced performance during commissioning and reclosing / (Record no. 18902)

MARC details
000 -LEADER
fixed length control field 01042nam a22002417a 4500
003 - CONTROL NUMBER IDENTIFIER
control field OSt
005 - DATE AND TIME OF LATEST TRANSACTION
control field 20251020193426.0
008 - FIXED-LENGTH DATA ELEMENTS--GENERAL INFORMATION
fixed length control field 240202b ||||| |||| 00| 0 eng d
040 ## - CATALOGING SOURCE
Transcribing agency 0
082 ## - DEWEY DECIMAL CLASSIFICATION NUMBER
Classification number DPer 621.317 Ie21 January 2022 v. 37 n. 1
100 ## - MAIN ENTRY--PERSONAL NAME
Personal name Raghevandra I, Venkata.
Relator term author.
9 (RLIN) 51321
245 ## - TITLE STATEMENT
Title Modified z-source DC circuit breaker with enhanced performance during commissioning and reclosing /
Statement of responsibility, etc. Venkata Raghevandra I, Satish Naik Banavath, and Sreekanth Thamballa.
260 ## - PUBLICATION, DISTRIBUTION, ETC. (IMPRINT)
Place of publication, distribution, etc. New York ;
Name of publisher, distributor, etc. The Institute of Electrical and Electronics Engineers, Inc. ,
Date of publication, distribution, etc. January 2022.
300 ## - PHYSICAL DESCRIPTION
Extent Volume 37, pages 910-919 :
Other physical details illustration ;
Dimensions 28 cm.
500 ## - GENERAL NOTE
General note IEEE Transactions on Power Electronics, v. 37 n 1, pages 910-919, January 2022.
650 #0 - SUBJECT ADDED ENTRY--TOPICAL TERM
Topical term or geographic name as entry element Capacitors.
9 (RLIN) 65717
650 #0 - SUBJECT ADDED ENTRY--TOPICAL TERM
Topical term or geographic name as entry element Circuit breakers.
9 (RLIN) 65901
650 #0 - SUBJECT ADDED ENTRY--TOPICAL TERM
Topical term or geographic name as entry element Topology.
9 (RLIN) 65877
700 ## - ADDED ENTRY--PERSONAL NAME
Personal name Raghevandra I, Venkata.
Relator term author.
9 (RLIN) 51321
700 ## - ADDED ENTRY--PERSONAL NAME
Personal name Banavath, Satish Naik.
Relator term author.
9 (RLIN) 51322
700 ## - ADDED ENTRY--PERSONAL NAME
Personal name Thamballa, Sreekanth.
Relator term author.
9 (RLIN) 51323
942 ## - ADDED ENTRY ELEMENTS (KOHA)
Source of classification or shelving scheme Dewey Decimal Classification
Koha item type Periodicals
Holdings
Withdrawn status Lost status Source of classification or shelving scheme Damaged status Not for loan Collection code Home library Current library Date acquired Total Checkouts Full call number Date last seen Price effective from Koha item type Public note
    Dewey Decimal Classification     Periodicals UM Digos College - LIC UM Digos College - LIC 02/02/2024   DPer 621.317 Ie21 January 2022 v. 37 n. 1 02/02/2024 02/02/2024 Periodicals Periodical Article